Date | Wrestler |
January 21, 2005 | AJ Styles | | 99% | February 25, 2005 | AJ Styles | | 99% | March 4, 2005 | AJ Styles | | 99% | April 22, 2005 | AJ Styles | | 99% | May 27, 2005 | AJ Styles | | 99% | July 1, 2005 | AJ Styles | | 99% | July 15, 2005 | AJ Styles | | 99% | July 22, 2005 | AJ Styles | | 99% | October 15, 2005 | AJ Styles | | 99% | October 22, 2005 | AJ Styles | | 99% | December 31, 2005 | AJ Styles | | 99% | May 27, 2005 | Jeff Jarrett | | 97.4% | October 22, 2005 | Jeff Jarrett | | 97.4% | November 3, 2005 | Jeff Jarrett | | 97.4% | November 12, 2005 | Jeff Jarrett | | 97.4% | November 26, 2005 | Jeff Jarrett | | 97.4% | April 22, 2005 | Abyss | | 94.4% | May 13, 2005 | Abyss | | 94.4% | May 20, 2005 | Abyss | | 94.4% | September 9, 2005 | Abyss | | 94.4% | October 22, 2005 | Abyss | | 94.4% | November 19, 2005 | Abyss | | 94.4% | February 11, 2005 | James Storm | | 91.8% | March 25, 2005 | James Storm | | 91.8% | April 29, 2005 | James Storm | | 91.8% | September 2, 2005 | James Storm | | 91.8% | October 8, 2005 | James Storm | | 91.8% | October 29, 2005 | James Storm | | 91.8% | November 12, 2005 | James Storm | | 91.8% | December 31, 2005 | James Storm | | 91.8% | January 14, 2005 | Christopher Daniels | | 89.3% | January 21, 2005 | Christopher Daniels | | 89.3% | February 11, 2005 | Chris Harris | | 89.3% | February 25, 2005 | Christopher Daniels | | 89.3% | March 25, 2005 | Chris Harris | | 89.3% | April 29, 2005 | Chris Harris | | 89.3% | June 21, 2005 | Christopher Daniels | | 89.3% | October 8, 2005 | Chris Harris | | 89.3% | October 15, 2005 | Christopher Daniels | | 89.3% | October 15, 2005 | Christopher Daniels | | 89.3% | October 15, 2005 | Christopher Daniels | | 89.3% | October 29, 2005 | Chris Harris | | 89.3% | November 12, 2005 | Chris Harris | | 89.3% | December 24, 2005 | Chris Harris | | 89.3% | May 13, 2005 | Bobby Roode | | 88.3% | July 8, 2005 | Bobby Roode | | 88.3% | July 15, 2005 | Bobby Roode | | 88.3% | August 26, 2005 | Bobby Roode | | 88.3% | December 8, 2005 | Bobby Roode | | 88.3% | February 11, 2005 | Raven | | 87.8% | April 22, 2005 | Raven | | 87.8% | August 5, 2005 | Raven | | 87.8% | August 26, 2005 | Raven | | 87.8% | September 9, 2005 | Raven | | 87.8% | December 3, 2005 | Raven | | 87.8% |
|
Date | Wrestler |
July 8, 2005 | Eric Young | | 84.7% | August 19, 2005 | Eric Young | | 84.7% | August 12, 2005 | Rhino | | 81.1% | September 9, 2005 | Rhino | | 81.1% | October 1, 2005 | Rhino | | 81.1% | November 3, 2005 | Rhino | | 81.1% | November 19, 2005 | Rhino | | 81.1% | April 1, 2005 | Petey Williams | | 80.6% | May 13, 2005 | Petey Williams | | 80.6% | July 29, 2005 | Petey Williams | | 80.6% | January 7, 2005 | Jeff Hardy | | 80.1% | February 4, 2005 | Monty Brown | | 80.1% | February 18, 2005 | Monty Brown | | 80.1% | April 15, 2005 | Monty Brown | | 80.1% | April 22, 2005 | Jeff Hardy | | 80.1% | May 13, 2005 | David Young | | 80.1% | May 27, 2005 | Monty Brown | | 80.1% | August 5, 2005 | David Young | | 80.1% | October 1, 2005 | Jeff Hardy | | 80.1% | October 22, 2005 | Monty Brown | | 80.1% | October 22, 2005 | Jeff Hardy | | 80.1% | November 12, 2005 | Jeff Hardy | | 80.1% | December 3, 2005 | David Young | | 80.1% | December 17, 2005 | David Young | | 80.1% | January 14, 2005 | Chris Sabin | | 78.6% | April 1, 2005 | Chris Sabin | | 78.6% | May 6, 2005 | Chris Sabin | | 78.6% | May 13, 2005 | Chris Sabin | | 78.6% | May 20, 2005 | Chris Sabin | | 78.6% | July 29, 2005 | Chris Sabin | | 78.6% | August 12, 2005 | Chris Sabin | | 78.6% | November 12, 2005 | Chris Sabin | | 78.6% | January 28, 2005 | Ron Killings | | 78.1% | February 25, 2005 | Ron Killings | | 78.1% | October 29, 2005 | Ron Killings | | 78.1% | April 15, 2005 | The Outlaw | | 76.5% | November 26, 2005 | Kip James | | 76.5% | January 28, 2005 | BG James | | 76% | October 29, 2005 | BG James | | 76% | October 8, 2005 | Brother Ray | | 74% | December 17, 2005 | Brother Ray | | 74% | October 8, 2005 | Brother Devon | | 73% | December 17, 2005 | Brother Devon | | 73% | January 28, 2005 | Frankie Kazarian | | 71.4% | February 25, 2005 | Frankie Kazarian | | 71.4% | January 28, 2005 | Elix Skipper | | 69.4% | April 1, 2005 | Elix Skipper | | 69.4% | June 21, 2005 | Elix Skipper | | 69.4% | December 3, 2005 | Elix Skipper | | 69.4% | December 17, 2005 | Elix Skipper | | 69.4% | July 1, 2005 | Alex Shelley | | 66.3% | January 28, 2005 | Konnan | | 65.3% | February 4, 2005 | Diamond Dallas Page | | 65.3% | February 4, 2005 | Andy Douglas | | 65.3% | March 18, 2005 | Diamond Dallas Page | | 65.3% |
|
Date | Wrestler |
April 15, 2005 | Diamond Dallas Page | | 65.3% | April 29, 2005 | Andy Douglas | | 65.3% | July 8, 2005 | Andy Douglas | | 65.3% | August 19, 2005 | Andy Douglas | | 65.3% | February 4, 2005 | Chase Stevens | | 64.3% | April 29, 2005 | Chase Stevens | | 64.3% | July 8, 2005 | Chase Stevens | | 64.3% | August 19, 2005 | Chase Stevens | | 64.3% | September 2, 2005 | Chase Stevens | | 64.3% | August 5, 2005 | Sabu | | 63.8% | September 9, 2005 | Sabu | | 63.8% | March 18, 2005 | Sean Waltman | | 63.3% | April 15, 2005 | Sean Waltman | | 63.3% | May 27, 2005 | Sean Waltman | | 63.3% | July 15, 2005 | Sean Waltman | | 63.3% | May 13, 2005 | A-1 | | 62.2% | July 8, 2005 | A-1 | | 62.2% | July 15, 2005 | A-1 | | 62.2% | August 19, 2005 | A-1 | | 62.2% | October 15, 2005 | Sonjay Dutt | | 62.2% | January 28, 2005 | Michael Shane | | 60.7% | February 25, 2005 | Michael Shane | | 60.7% | April 1, 2005 | Michael Shane | | 60.7% | May 6, 2005 | Michael Shane | | 60.7% | May 13, 2005 | Michael Shane | | 60.7% | July 22, 2005 | Matt Bentley | | 60.7% | December 8, 2005 | Christian Cage | | 60.2% | December 24, 2005 | Christian Cage | | 60.2% | January 7, 2005 | Dallas | | 58.2% | February 11, 2005 | Lance Hoyt | | 58.2% | February 18, 2005 | Lance Hoyt | | 58.2% | March 11, 2005 | Lance Hoyt | | 58.2% | May 13, 2005 | Lance Hoyt | | 58.2% | July 8, 2005 | Lance Hoyt | | 58.2% | October 22, 2005 | Lance Hoyt | | 58.2% | November 12, 2005 | Lance Hoyt | | 58.2% | January 7, 2005 | Kid Kash | | 53.1% | February 11, 2005 | Kid Kash | | 53.1% | March 4, 2005 | Kid Kash | | 53.1% | April 8, 2005 | Kid Kash | | 53.1% | October 15, 2005 | Shark Boy | | 50.5% | January 7, 2005 | Dustin Rhodes | | 49.5% | February 11, 2005 | Dustin Rhodes | | 49.5% | August 5, 2005 | Simon Diamond | | 43.4% | December 3, 2005 | Simon Diamond | | 43.4% | February 25, 2005 | Sonny Siaki | | 39.3% | May 13, 2005 | Trytan | | 25% | March 11, 2005 | Apollo | | 18.4% | April 8, 2005 | Apollo | | 18.4% | May 13, 2005 | Apollo | | 18.4% | March 25, 2005 | Big Tilly | | 14.8% | March 18, 2005 | Lex Lovett | | 14.3% | March 18, 2005 | Buck Quartermain | | 13.8% | March 25, 2005 | Bruno Sassi | | 13.8% |
|
Comments